10 najlepszych państw w układaniu kostki rubika - Statystyki

Ogólne statystyki
  • Ten quiz został rozwiązany 235 razy
  • Średni wynik to 6 z 10
Statystyki odpowiedzi
Czas Odpowiedzi % Poprawnych
2.94s Polska
97%
2.68s USA
96%
2.68s Chiny
93%
4.32s Niemcy
79%
4.44s Francja
70%
3.28s Australia
57%
3.29s Indie
56%
2.81s Indonezja
30%
4.42s Dania
28%
2.78s Filipiny
27%
Nie znaleziono quizów pasujących do podanych kryteriów
Rozkład punktacji
Procent ludzi z każdym wynikiem
Percentyl według liczby udzielonych odpowiedzi
Twoja historia wyników
Nie rozwiązałeś tego quizu